Fiscal austerity and aging : shifting government responsibility for the elderly /

Kaydedildi:
Detaylı Bibliyografya
Diğer Yazarlar: Estes, C. L. (Carroll Lynn), 1938-
Materyal Türü: Kitap
Dil:English
Baskı/Yayın Bilgisi: Beverly Hills : Sage Publications, c1983.
Seri Bilgileri:Sage library of social research ; v. 152
Konular:
LEADER 01290nam a2200325 a 4500
001 c000001819
003 CARM
005 00000000000000.0
008 830316s1983 caua b 00110 eng
019 1 |a 2626067  |z 23064872  |z 12402886  |5 LACONCORD2021 
020 |a 0803920741 
020 |a 0803920733 (pbk.) 
035 |a (OCoLC)9392992  |5 LACONCORD2021 
040 |d WU 
043 |a n-us--- 
050 0 0 |a HQ1064.U5  |b F486 1983 
082 1 |a 353.0084/6  |2 19 
245 0 0 |a Fiscal austerity and aging :  |b shifting government responsibility for the elderly /  |c Carroll L. Estes [et al.] 
260 |a Beverly Hills :  |b Sage Publications,  |c c1983. 
300 |a 278 p. :  |b ill. ;  |c 23 cm. 
440 0 |a Sage library of social research ;  |v v. 152 
504 |a Includes bibliographies and indexes. 
650 0 |a Older people  |x Government policy  |z United States. 
650 0 |a Old age assistance  |z United States. 
650 0 |a Fiscal policy  |z United States. 
651 0 |a United States  |x Politics and government. 
700 1 |a Estes, C. L.  |q (Carroll Lynn),  |d 1938- 
852 8 |b CARM  |h A2:AH03A0  |i B03636  |p 0177649  |f BK 
999 f f |i 69de5311-ebeb-5fa9-a8c3-36722afeea7d  |s f477cbda-e5a7-5d83-8de0-bc4bf59d3882 
952 f f |p Can circulate  |a CAVAL  |b CAVAL  |c CAVAL  |d CARM 1 Store  |e B03636  |f A2:AH03A0  |h Other scheme  |i book  |m 0177649